000 01025ngm a22003730a 4500
001 PT47308
003 AR-LpoUNG
005 20210202000010.0
007 vd cvaizq
008 191001s2006||||ag |||||||||||||||||eng d
040 _aAR-LpoUNG
_bspa
_cAR-LpoUNG
_eaacr
041 _aeng
_aspa
_afre
044 _aag
082 0 _a307.72 279v35
100 1 _aPeckinpah, Sam
_edir.
245 1 3 _aLa balada del desierto
260 _aSan Luis :
_bAVH,
_c2006.
300 _aDVD (120 min.) : son., col.
505 0 _aProducida por William Faralla, Phil Feldman, Phil Feldman. Protagonistas: Jason Robards, Stella Steven. Subtitulada en castellano.
650 4 _aCOMUNIDADES RURALES
650 4 _aENTREVISTAS
650 4 _aJUSTICIA
650 4 _aORO
650 4 _aPELICULAS
650 4 _aRELACIONES PERSONALES
651 4 _aDOCUMENTOS TEORICOS O METODOLOGICOS
653 _aACCION
653 _aCINE ITALIANO
653 _aDVD
653 _aVIDEOS
653 _aWESTERN
905 _a47308
942 _cDVD
999 _c53939
_d53939